CLINICAL EPIDEMIOLOGY: PRIN. METHODS & APPLICATIONS FOR CLINICAL RESEARCH (Record no. 801162)

MARC details
000 -LEADER
fixed length control field 00416pam a2200157 a 4500
020 ## - INTERNATIONAL STANDARD BOOK NUMBER
International Standard Book Number 978149674328
Terms of availability
041 ## - LANGUAGE CODE
Language code of text/sound track or separate title eng
082 ## - DEWEY DECIMAL CLASSIFICATION NUMBER
Classification number 614
Item number GRO / HOE
100 ## - MAIN ENTRY--PERSONAL NAME
Personal name GROBBEE D.F.,HOES A.W.
245 ## - TITLE STATEMENT
Title CLINICAL EPIDEMIOLOGY: PRIN. METHODS & APPLICATIONS FOR CLINICAL RESEARCH
Medium Textual Documents
250 ## - EDITION STATEMENT
Edition statement 2.
260 ## - PUBLICATION, DISTRIBUTION, ETC.
Name of publisher, distributor, etc. JOHN GOLIGHER
Date of publication, distribution, etc. 2015
300 ## - PHYSICAL DESCRIPTION
Extent 472:
Other physical details XXV;
Dimensions PB.
650 ## - SUBJECT ADDED ENTRY--TOPICAL TERM
Topical term or geographic name entry element PSM
930 ## - EQUIVALENCE OR CROSS-REFERENCE-UNIFORM TITLE HEADING [LOCAL, CANADA]
Uniform title 6635
Holdings
Withdrawn status Lost status Damaged status Not for loan Collection Home library Current library Date acquired Source of acquisition Cost, normal purchase price Total Checkouts Full call number Barcode Date due Date last seen Date last checked out Copy number Price effective from Koha item type
          Medical College & Hospital, Sangli Medical College & Hospital, Sangli 16/03/2015 B.M.S.G.B.PUNE 6753.52 1 614 GRO / HOE MCS-12230 01/10/2043 06/10/2023 06/10/2023 1 26/07/2023 Book